000 01436cam a22003011i 4500
003 SA-RiAUC
005 20250105074700.0
008 250105s1995 le g 00000 ara c
040 _aSA-RiAUC
_bara
_cSA-RiAUC
_erda
082 0 4 _a258.2
_qSA-RiAUC
090 _a258.2
_bح ط ا
100 1 _aالحطاب، محمد بن محمد بن عبد الرحمن،
_d902-954 هجري
_eمؤلف.
245 1 0 _aمواهب الجليل لشرح مختصر خليل /
_cتأليف أبي عبد الله محمد بن محمد بن عبد الرحمن المغربي الحطاب ؛ ضبطه وخرج آياته وأحاديثه زكريا عميرات
246 3 0 _aشرح مختصر خليل
250 _aالطبعة الأولى.
264 1 _aبيروت :
_bدار الكتب العلمية،
_c1995
300 _a8 مجلد (629 ؛ 678 ؛ 669 ؛ 608 ؛ 615 ؛ 543 ؛ 599 ؛ 557 صفحة ) ؛
_c24 سم
336 _aنص
_btxt
_2rdacontent
_3كتاب
337 _aبدون وسيط
_bn
_2rdamedia
338 _aمجلد
_bnc
_2rdacarrier
650 7 _aالفقه المالكي
_2aucsh
650 7 _aالفقه الإسلامي
_xمذاهب
_2aucsh
700 1 _aعميرات، زكريا
_eضابط.
700 0 2 _aخليل بن إسحاق بن موسى الجندي،
_cالشيخ،
_dتوفي 776 هجري
_tمختصر خليل.
740 0 2 _aمختصر خليل.
942 _2ddc
_cBOOK
949 _aSA-JeALM
_d250105
_ukhaled123
_n1
999 _c4454
_d4454